000 01500nam a22002777a 4500
005 20110705095542.0
020 _a8182637023
_c15.00
020 _a9788182637023
_c15.00
035 _aB-432594-598
037 _aDPL
_bBlue Berry
082 _aS
100 _aAgarwal, Tanya Luther
_929884
245 _aWhat is it /
_c by Tanya Luther Agarwal; illustrated by Partho Sengupta
250 _a2nd
260 _aNew Delhi
_bPratham Books
_c2010
270 _a633-634, 4th "C" Main, 6th 'B' Cross, OMBR Layout, Banaswadi
_bBangalore
_e560043
_k011-65684113
300 _a13p.
_bill.
_c17 cm.(pbk)
700 _929160
942 _2ddc
_cCH
_hS
_mAGA
999 _c53616
_d53616